Scottish Housing Digest (Record no. 119278)

MARC details
000 -LEADER
fixed length control field 00680cas a22002055 4500
001 - CONTROL NUMBER
control field E150011
008 - FIXED-LENGTH DATA ELEMENTS--GENERAL INFORMATION
fixed length control field 100524c2007 xxkfr ws 0 a0eng u
035 ## - SYSTEM CONTROL NUMBER
System control number (Sirsi) u150011
041 0# - LANGUAGE CODE
Language code of text/sound track or separate title eng
110 2# - MAIN ENTRY--CORPORATE NAME
Corporate name or jurisdiction name as entry element CIH Scotland
245 00 - TITLE STATEMENT
Title Scottish Housing Digest
Medium [electronic resource]
260 ## - PUBLICATION, DISTRIBUTION, ETC.
Place of publication, distribution, etc. Edinburgh
Name of publisher, distributor, etc. CIH Scotland
Date of publication, distribution, etc. 2007-
362 0# - DATES OF PUBLICATION AND/OR SEQUENTIAL DESIGNATION
Dates of publication and/or sequential designation October 2007-
520 ## - SUMMARY, ETC.
Summary, etc. Highlights the main developments in UK housing and related policy.
554 ## -
-- Two per year
651 #4 - SUBJECT ADDED ENTRY--GEOGRAPHIC NAME
Geographic name United Kingdom
Chronological subdivision
690 ## - LOCAL SUBJECT ADDED ENTRY--TOPICAL TERM (OCLC, RLIN)
Topical term or geographic name as entry element Residential property
9 (RLIN) 6266
856 40 - ELECTRONIC LOCATION AND ACCESS
Uniform Resource Identifier <a href="https://www.cih.org/scotland/policy/papers-shd.htm">https://www.cih.org/scotland/policy/papers-shd.htm</a>
Public note View the Digest free of charge at www.cih.org/scotland
942 ## - ADDED ENTRY ELEMENTS (KOHA)
Suppress in OPAC 0
Holdings
Withdrawn status Lost status Source of classification or shelving scheme Damaged status Not for loan Home library Current library Shelving location Date acquired Total Checkouts Full call number Barcode Date last seen Price effective from Koha item type
    Dewey Decimal Classification     Virtual Virtual Online 24/05/2010   ONLINE PUBLICATION 150011-2001 06/08/2019 06/08/2019 Journal